Top 10 Ballon d'or 2010s - Statistics

General Stats
  • This quiz has been taken 4,664 times
  • The average score is 35 of 47
Answer Stats
Answer % Correct
Lionel Messi
100%
Cristiano Ronaldo
99%
Mohamed Salah
97%
Kylian Mbappé
96%
Neymar
96%
Virgil van Dijk
95%
Luka Modric
94%
Sadio Mané
93%
Harry Kane
91%
Andrés Iniesta
89%
Antoine Griezmann
89%
Robert Lewandowski
89%
Xavi
88%
Kevin De Bruyne
87%
Luis Suarez
87%
Gareth Bale
86%
Manuel Neuer
84%
Toni Kroos
83%
Sergio Ramos
81%
Alisson
80%
Jamie Vardy
79%
Franck Ribéry
78%
Riyad Mahrez
78%
Zlatan Ibrahimovic
77%
Arjen Robben
76%
Thomas Müller
76%
Eden Hazard
75%
Gianluigi Buffon
75%
Didier Drogba
72%
N'Golo Kanté
70%
Wayne Rooney
70%
Bernardo Silva
68%
Philipp Lahm
67%
Angel Di Maria
63%
Robin van Persie
62%
James Rodriguez
58%
Raphaël Varane
58%
David Villa
57%
Iker Casillas
56%
Samuel Eto'o
56%
Wesley Sneijder
56%
Andrea Pirlo
54%
Alexis Sanchez
51%
Pepe
49%
Radamel Falcao
48%
Diego Forlan
45%
Xabi Alonso
41%
No matching quizzes found
Score Distribution
Percent of People with Each Score
Percentile by Number Answered
Your Score History
You have not taken this quiz